Normal view MARC view

Entry Nombre corporativo

Number of records used in: 1

001 - NÚMERO DE CONTROL

  • campo de control: 24136

003 - IDENTIFICADOR DE NÚMERO DE CONTROL

  • campo de control: OSt

005 - FECHA Y HORA DE LA ÚLTIMA TRANSACCIÓN

  • campo de control: 20221005160350.0

008 - ELEMENTOS DE DATO DE LONGITUD-FIJA

  • campo de control de longitud fija: 221005|| aca||aabn | a|a d

040 ## - FUENTE DE CATALOGACIÓN

  • Centro catalogador/agencia de origen: OSt
  • Centro/agencia transcriptor: OSt

110 ## - ENCABEZAMIENTO-NOMBRE DE ENTIDAD CORPORATIVA

  • Nombre de entidad corporativa o nombre de jurisdicción como elemento de entrada: FORO EUROLATINOAMERICANO DE COMUNICACION
  • Sede del congreso/Lugar de la reunión: San José de Costa Rica
  • Número del congreso/reunión o número de parte o sección: 10
  • Fecha del congreso o de la firma del tratado: 2004

670 ## - FUENTE DE DATOS ENCONTRADOS

  • Cita de la fuente: Work cat.: (OSt)27938: FORO EUROLATINOAMERICANO DE COMUNICACION San José de Costa Rica 10 2004, <La> prensa en las reglas del juego democrático :, 2005

Powered by Koha